LEADER 01415nam a2200277 a 4500 001 000000153355 003 CaOOAMICUS 005 20160726125046.0 008 160726s1990 it u000 u spa r 032 $aLibriCat 040 $aPUL$bita 100 1 $aVicente, Francisco,$cO.P.$0(OLS)http://pul/name/97641 245 13$aLa dispensa, especialmente de los impedimentos y de la forma canónica /$cFrancisco Vicente, O.P. 260 $aRoma :$bPontificia Universitą S. Tommaso d'Aquino,$c1990. 300 $a239 p. ;$c24 cm. 500 $aIn testa al front.: Pontificia Studiorum Universitas a S. Thoma Aq. in Urbe. Facultas Iuris Canonici. 502 $aTesi -- Pontificia Universitas S. Thomae de Urbe, Facultas Iuris Canonici, 1989. 504 $aBibliografia in nota. 650 4$aMatrimonio (diritto canonico)$xImpedimenti.$0(OLS)http://pul/subject/40974 710 2 $aPontificia Universitą S. Tommaso.$bFacoltą di diritto canonico.$kTesi.$0(OLS)http://pul/name/82906 850 $aPUL 852 $aPUL$W1$xDP1 Tesi Pon. Univ. S. Tommaso$y44$mTH S.THOM IUS202$j176559$qTesi$B179058$CPULBib$Z2$F179058 $H65014 $81 941 1 $a16 996 $6245$aLa dispensa, especialmente de los impedimentos y de la forma canónica$9(OLS)http://pul/title/192800 996 $6260$aRoma :$bPontificia Universitą S. Tommaso d'Aquino$9(OLS)http://pul/publisher/74417 LEADER 01099nam a2200277 a 4500 001 000000130157 003 CaOOAMICUS 005 20120914115449.0 008 120914s2009 it u000 u ita r 020 $a978-88-215-6440-6 040 $aPUL$bita 082 04$a271.302 100 1 $aPasquale, Gianluigi,$cO.F.M. Cap.,$d1967-$0(OLS)http://pul/name/54223 245 10$aFrate Francesco /$cGianluigi Pasquale. 260 $aCinisello Balsamo :$bSan Paolo,$c©2009. 300 $a178 p. ;$c20 cm 504 $aBibliografia in nota. 600 04$aFranciscus Assisiensis,$cs.,$d1182-1226$xBiografia.$0(OLS)http://pul/subject/22602 850 $aPUL 852 $aPUL$W1$xSL Religione 3$y85$m271. 302 PASGI 1$j150684$qDDC 21$B149247$CPULBib$Z2$F149247 $H120646 $82 941 1 $a9 996 $6020$a978-88-215-6440-6$9(OLS)http://pul/number/150494 996 $6082$a271.302$9(OLS)http://pul/classification/2357 996 $6245$aFrate Francesco$9(OLS)http://pul/title/164508 996 $6260$aCinisello Balsamo :$bSan Paolo$9(OLS)http://pul/publisher/54577